Statistiken für Liedtext - Sexualverkehr - Christian Steiffen

Klicken Sie hier um das Quiz zu spielen!

Allgemein

  • Dieses Quiz wurde 28 mal gespielt
  • Das Durchschnittsergebnis liegt bei 62 aus 143

Antwortstatistiken

Textquiz% Korrekt
Oooh
100%
Ooooh
100%
ich
84%
Ich
84%
Es
72%
so
64%
ist
60%
Sexualverkehr
60%
und
60%
Und
60%
mich
56%
sehr
56%
für
52%
den
48%
ein
48%
Ein
48%
Nach
48%
nach
48%
Doch
44%
mir
44%
sehn
44%
der
40%
Liebe
40%
Ooooh
40%
sehne
40%
habe
36%
in
36%
mein
36%
nicht
36%
hat
32%
her
32%
immer
32%
mehr
32%
mit
32%
nie
32%
schon
32%
schön
32%
will
32%
Ja
28%
Meine
28%
Schluss
28%
Von
28%
von
28%
auch
24%
Fick
24%
Freundin
24%
gemacht
24%
jetzt
24%
Küssen
24%
nichts
24%
noch
24%
nur
24%
Nur
24%
paar
24%
Wochen
24%
auf
20%
bisschen
20%
eines
20%
keine
20%
romantischen
20%
vielleicht
20%
warum
20%
wissen
20%
Zeit
20%
Augenblick
16%
Bären
16%
bestes
16%
Charakter
16%
fand
16%
fiel
16%
Glück
16%
Höhle
16%
Schlief
16%
Sommerloch
16%
Stück
16%
wünschte
16%
Charakterficken
12%
einzugehen
12%
fair
12%
Schananana
12%

Verteilung der Resultate

Perzentil nach korrekt beantworteten Fragen

Anzahl Personen mit jedem Resultat

Ihre Resultats-Entwicklung

Sie haben dieses Quiz noch nicht gespielt